00442nam a2200157 a 45000010010000000030011000100080041000210350026000620820013000881000023001012450030001242500020001542600048001746500019002228560043002410000-8990ELIB.Books110520 1961  a(ELIB.Books)0000-9139 a69 bNea aNeal, Harry Edward aTreasures by the Millions aStudent Edition bNew York: Fawcett Publications, Inc. c1961 aMuseum Science nK.B.T.S LibraryuK.B.T.S Library ELIB.